000 00228 a2200097 4500
001 38459
100 _aKang S.M
245 _aCMOS digital intergated circuits
260 _aSingapore
_bMcGraw Hill
_c1996
090 _c24444
_d24444
942 _aNUST-CAE
_cM
_c16052
999 _c273532
_d273532